000
00256nam a2200097Ia 4500
082
_a
J 333.75137 LIM
245
0
_a
Vanishing forests
100
_a
Lim, Cheng Puay Singapore, 2004
_9
85617
942
_c
BK
008
210817s9999 xx 000 0 und d
999
_c
320775
_d
320774